000 01019nam a2200241 i 4500
001 31327
003 ES-MaACL
005 20251004063055.0
007 t|
008 030128s1967 sp ||||1| spa d
100 1 _aBeladiez, Emilio,
_cMarqués de la Conquista Real,
_d1916-1999
_927112
245 1 0 _aEspaña y el sacro imperio romano germánico
_b: Wallesntein (1583-1634) /
_cEmilio Beladiez ; prólogo del Marqués de Lozoya.
260 _aMadrid :
_bPrensa Española,
_c1967.
300 _a398 p., XVI lám. ;
_c22 cm.
490 1 _aColección "Los Tres Dados"
600 1 4 _aWallenstein, Albrecht Wenzel Eusebius von
_cHerzog von Friedland.
_9164609
650 4 _aGuerra de los Treinta Años, 1618-1648.
_9136206
651 4 _aEspaña-
_xHistoria-
_y1516-1700, Casa de Austria
_98228
700 1 _aLozoya, Juan de Contreras y López de Ayala,
_cMarqués de,
_d1893-1978
_9129112
830 0 _aColección "Los Tres Dados"
_9181995
852 _aES-MaACL
_jC-33598
_bR.64300
999 _c31327
_d31327